Statistics for Generator Dash #41

Click here to take the quiz!

General Stats

  • This quiz has been taken 54 times
  • The average score is 8 of 11

Answer Stats

HintAnswer% Correct
Angelic glow (4)Halo
96%
Native New Zealander (5)Māori
85%
Philistine giant (7)Goliath
83%
Singer Estefan (6)Gloria
76%
Sacred cup (5)Grail
74%
Suit maker (6)Tailor
74%
Florida key (5)Largo
67%
Mathematical proportion (5)Ratio
63%
Shakespearean villain (4)Iago
57%
Official language of Singapore (5)Tamil
48%
9-Letter WordALGORITHM
43%

Score Distribution

Percentile by Number Answered

Percent of People with Each Score

Your Score History

You have not taken this quiz